Estatísticas para Presidentes do Brasil

Clique aqui para jogar o quiz

Estatísticas Gerais

  • Esse quiz foi jogado 38 vezes
    (22 desde o último reset)
  • A pontuação média é 23 de 33

Estatísticas das Respostas

Resposta% Correto
2011-2016Dilma Rousseff
100%
2003-2011Lula
100%
1889-1891Deodoro da Fonseca
95%
1990-1992Fernando Collor
95%
1951-1954Getúlio Vargas
95%
1985-1990José Sarney
95%
1956-1961Juscelino Kubitschek
95%
2016-2018Michel Temer
95%
1995-2003Fernando Henrique Cardoso
90%
2019-Jair Bolsonaro
90%
1967-1969Artur da Costa e Silva
81%
1969-1974Emilio Garrastazu Médici
81%
1964-1967Humberto Castelo Branco
81%
1992-1995Itamar Franco
81%
1961Jânio Quadros
81%
1930-1945Getúlio Vargas
76%
1961-1964João Goulart
76%
1891-1894Floriano Peixoto
71%
1979-1985João Figueiredo
71%
1954-1955Café Filho
67%
1974-1979Ernesto Geisel
67%
1894-1898Prudente de Morais
62%
1898-1902Campos Sales
57%
1926-1930Washington Luís
57%
1909-1910Nilo Peçanha
52%
1914-1918Venceslau Brás
52%
1906-1909Afonso Pena
43%
1910-1914Hermes da Fonseca
43%
1919-1922Epitácio Pessoa
38%
1946-1951Eurico Gaspar Dutra
38%
1902-1906Rodrigues Alves
38%
1922-1926Artur Bernardes
19%
1918-1919Delfim Moreira
19%

Distribuição das Pontuações

Percentil de Números Respondidos

Porcentagem de Pessoas com Cada Pontuação

Sua Pontuação Histórica

Você não jogou esse quiz desde o último reset